000 01239nam a2200325 a 4500
001 000113556
003 CHAP
005 20220329144401.0
008 170803s2017 mx sm |||||||spa d
010 _a110017
011 _a110989
040 _cCHAP
090 _aTesis
100 1 _aGonzález Sosa, Cruz Ramiro
_9132967
245 1 0 _aHuella hídrica azul y productividades del capital y trabajo en productores de bajo uso tecnológico en manzana (Malus domestica Borkh)
_h[En línea]
_cpor Cruz Ramiro González Sosa.
260 _aChapingo, Méx. :
_bEl autor,
_c2017.
500 _aPara ver el contenido del material haga clic en la liga
502 _aTesis (Ing. Mecánico Agrícola) -- UACH. Departamento de Ingeniería Mecánica Agrícola
590 _aE5765TAJ
_b05
_c20170803
_lUCH01
_h0853
590 _aE5765TAJ
_b05
_c20170803
_lUCH01
_h0854
650 1 4 _aManzana
_xAgua requerida.
_970732
650 1 4 _aManzana
_xAspectos económicos.
_970735
650 1 4 _aManzana
_xCostos de producción.
_970752
650 1 4 _aManzana
_xIrrigación.
_970781
650 1 4 _aManzana
_xProducción.
_9129630
856 _aFinding aid
_uhttp://10.13.5.2/tesis/sist113556.pdf
_zTeclea aquí
901 _aBK
942 _cTESIS
942 _n0
999 _c110017
_d110017